000 00565nam a2200205Ia 4500
003 LK-CoDNM
005 20240227150040.0
008 010623t1921 xxu||||| |||| 00| 1 sin d
040 _aLK-CoDNM
_dLK-CoDNM
_eLK-CoDNM
041 _asin
080 _a104 V12
100 _aEpa,Don David De Silva
245 _aශක වර්ෂ 1843 ඈපා පඤ්චාංග ලිත
246 _aEphemeris and Almanac
260 _bK.D.Perera Son
_aColombo
_c1921
_c1922
300 _bDamaged
_a46p.,25 cm
650 _aAlmanac
650 _aAstrology
942 _cBK
999 _c90882
_d90882